<?xml version="1.0" encoding="UTF-8"?><?xml-stylesheet type="text/xsl" href="static/style.xsl"?><OAI-PMH xmlns="http://www.openarchives.org/OAI/2.0/" xmlns:xsi="http://www.w3.org/2001/XMLSchema-instance" xsi:schemaLocation="http://www.openarchives.org/OAI/2.0/ http://www.openarchives.org/OAI/2.0/OAI-PMH.xsd"><responseDate>2026-05-11T12:47:45Z</responseDate><request verb="GetRecord" identifier="oai:riubu.ubu.es:10259/11198" metadataPrefix="marc">https://riubu.ubu.es/oai/request</request><GetRecord><record><header><identifier>oai:riubu.ubu.es:10259/11198</identifier><datestamp>2026-01-13T01:05:37Z</datestamp><setSpec>com_10259.4_2560</setSpec><setSpec>com_10259_5086</setSpec><setSpec>com_10259_2604</setSpec><setSpec>col_10259.4_2561</setSpec></header><metadata><record xmlns="http://www.loc.gov/MARC21/slim" xmlns:doc="http://www.lyncode.com/xoai" xmlns:xsi="http://www.w3.org/2001/XMLSchema-instance" xmlns:dcterms="http://purl.org/dc/terms/" xsi:schemaLocation="http://www.loc.gov/MARC21/slim http://www.loc.gov/standards/marcxml/schema/MARC21slim.xsd">
<leader>00925njm 22002777a 4500</leader>
<datafield tag="042" ind1=" " ind2=" ">
<subfield code="a">dc</subfield>
</datafield>
<datafield tag="720" ind1=" " ind2=" ">
<subfield code="a">Calvo Rathert, Manuel</subfield>
<subfield code="e">author</subfield>
</datafield>
<datafield tag="720" ind1=" " ind2=" ">
<subfield code="a">Carrancho Alonso, Ángel</subfield>
<subfield code="e">author</subfield>
</datafield>
<datafield tag="720" ind1=" " ind2=" ">
<subfield code="a">Morales Montor, Jorge</subfield>
<subfield code="e">author</subfield>
</datafield>
<datafield tag="720" ind1=" " ind2=" ">
<subfield code="a">Pérez Rodríguez, Noelia</subfield>
<subfield code="e">author</subfield>
</datafield>
<datafield tag="720" ind1=" " ind2=" ">
<subfield code="a">Lebedev, Vladimir A.</subfield>
<subfield code="e">author</subfield>
</datafield>
<datafield tag="720" ind1=" " ind2=" ">
<subfield code="a">Caccavari, Ana</subfield>
<subfield code="e">author</subfield>
</datafield>
<datafield tag="720" ind1=" " ind2=" ">
<subfield code="a">Goguitchaichvili, Avto</subfield>
<subfield code="e">author</subfield>
</datafield>
<datafield tag="260" ind1=" " ind2=" ">
<subfield code="c">2022-10</subfield>
</datafield>
<datafield tag="520" ind1=" " ind2=" ">
<subfield code="a">We present new radiometric ages and full-vector palaeomagnetic data from São Vicente Island, Cape Verde. Samples were obtained from a sequence of 11 flows. A K-Ar age determination was performed on the lowermost flow of the sequence, yielding an upper Miocene age of 6.07 ± 0.16 (2σ) Ma. Considering the normal polarity observed in all flows, the age of the sequence could be narrowed down to an interval between 6.03 and 6.23 Ma.&#xd;
The mean palaeomagnetic direction of the studied sequence was compared with the expected direction, calculated from the African Apparent Polar Wander Path (5 Ma). While inclinations approximately agree, the palaeodeclination appears westwardly deviated by 26.5° ± 2.9°. Moreover, nearly no scatter of virtual geomagnetic poles around their mean value is observed and its comparison with the scatter observed in palaeomagnetic directions obtained from geomagnetic field model SHA.DIF.14k suggests that the sequence was very rapidly emplaced in only a few centuries. Thus, the obtained anomalous palaeomagnetic direction seems to reflect the effect of non-averaged secular variation, although a local vertical-axis counter-clockwise rotation of the sequence, cannot be entirely ruled out.&#xd;
Thellier–Coe palaeointensity experiments on 66 specimens yielded 22 successful determinations and multispecimen (MS) palaeointensity experiments on 11 samples yielded 8 successful determinations. In the upper part of the sequence, Thellier–Coe determinations fail due to the presence of multidomain (MD) grains, but the MS method yields successful results in several of these flows, demonstrating that this method can provide reliable palaeointensity determinations on samples with a higher MD grain fraction. A mean palaeointensity BSV = (18.5 ± 1.9) µT is obtained from the joint analysis of the results from both methods. This value lies clearly below the present-day value BP = 33.1 μT. The virtual axial dipole moment (VADM = 4.3 × 1022 Am2), however, cannot be considered anomalous if compared to available upper Miocene–Pliocene data and represents a new high-reliability contribution to the very limited African palaeointensity database.</subfield>
</datafield>
<datafield tag="024" ind2=" " ind1="8">
<subfield code="a">0956-540X</subfield>
</datafield>
<datafield tag="024" ind2=" " ind1="8">
<subfield code="a">https://hdl.handle.net/10259/11198</subfield>
</datafield>
<datafield tag="024" ind2=" " ind1="8">
<subfield code="a">10.1093/gji/ggac173</subfield>
</datafield>
<datafield tag="024" ind2=" " ind1="8">
<subfield code="a">1365-246X</subfield>
</datafield>
<datafield ind1=" " ind2=" " tag="653">
<subfield code="a">Paleomagnetism</subfield>
</datafield>
<datafield ind1=" " ind2=" " tag="653">
<subfield code="a">Paleointensity</subfield>
</datafield>
<datafield ind1=" " ind2=" " tag="653">
<subfield code="a">Rock magnetism</subfield>
</datafield>
<datafield ind1=" " ind2=" " tag="653">
<subfield code="a">Paleomagnetic secular variation</subfield>
</datafield>
<datafield ind1=" " ind2=" " tag="653">
<subfield code="a">Africa</subfield>
</datafield>
<datafield tag="245" ind1="0" ind2="0">
<subfield code="a">Multimethod palaeointensity results from a rapidly emitted upper Miocene lava flow sequence in São Vicente (Cape Verde): new data for the African record</subfield>
</datafield>
</record></metadata></record></GetRecord></OAI-PMH>